000 00450nam a2200169Ia 4500
008 230524s9999 xx 000 0 und d
020 _a9788177224610
082 _a621.382
_bPRA
100 _aK.V.K.K.Prasad
245 0 _a"Embedded/ Real-Time Systems:Black Book Concepts,Design & Programming"
250 _a1ST
260 _aNEW DELHI
_bdreamtech
_c2007
300 _aX;414
500 _aQuantity Number: 32
650 _aComp-Sc
942 _cBK
999 _c38093
_d38093